000 00566nam a2200169 4500
001 111090
003 ES-MaACL
007 t|
008 061121s1917 fr r ||||1| fre d
100 1 _aOkakura, Kakuzo (
_d1862-1913)
_986621
245 1 4 _aLes idéaux de l'Orient
_b: Le réveil du Japon /
_cOkakura (Kakuzo) ; traduction de Jenny Serruys; préface de M. Auguste Gérard.
260 _aParís :
_bPayot et Cie,
_c1917.
300 _a360 p. ;
_c20 cm.
700 1 _aSerruys, Jenny.
_9105839
700 1 _aGérard, M. Auguste.
_956408
852 _aES-MaACL
_jG-6323
999 _c111090
_d111090